[Event "SR 2. liga A 2015/2016"]
[Site "?"]
[Date "2016.02.13"]
[Round "8.1"]
[White "Kosegi, Marek"]
[Black "Planka, Peter"]
[Result "1-0"]
[WhiteElo "1922"]
[BlackElo "1749"]
[PlyCount "67"]
[EventDate "2015.??.??"]

1. Nf3 Nc6 2. d4 e6 3. g3 Nf6 4. Bg2 d5 5. O-O Be7 6. b3 O-O 7. Bb2 b6 8. Nbd2
Bb7 9. c4 Nb8 10. Rc1 c6 11. Qc2 Nbd7 12. Rfd1 Rc8 13. Qb1 Bd6 14. e4 Nxe4 15.
Nxe4 dxe4 16. Qxe4 Nf6 17. Qb1 Qe7 18. Rc2 Rfd8 19. Re2 Ba3 20. Ba1 Ne8 21. h4
Qc7 22. Ng5 g6 23. h5 Bf8 24. hxg6 hxg6 25. Qe4 e5 26. Qh4 Bg7 27. d5 Qe7 28.
Bxe5 f6 29. Qh7+ Kf8 30. Ne6+ Kf7 31. Be4 fxe5 32. Bxg6+ Kf6 33. Qh4+ Kxg6 34.
Qxe7 1-0

[Event "SR 2. liga A 2015/2016"]
[Site "?"]
[Date "2016.02.13"]
[Round "8.1"]
[White "Bartos, Bohumil"]
[Black "Sosovicka, Vladimir"]
[Result "0-1"]
[WhiteElo "1701"]
[BlackElo "1794"]
[PlyCount "64"]
[EventDate "2015.??.??"]

1. d4 d5 2. c4 e5 3. dxe5 d4 4. Nf3 Nc6 5. e3 Bb4+ 6. Bd2 dxe3 7. fxe3 Bg4 8.
Be2 Bxf3 9. Bxf3 Qh4+ 10. g3 Qxc4 11. Bxc6+ Qxc6 12. Rf1 O-O-O 13. Qg4+ Kb8 14.
Qxb4 Nh6 15. Qc3 Qe4 16. Na3 Ng4 17. Qc4 Qg2 18. Qe2 Qe4 19. Rc1 Nxe5 20. Rc2
Rd7 21. Kd1 Rhd8 22. Kc1 Nd3+ 23. Kd1 Qa4 24. Rf4 Nxf4 25. exf4 Rxd2+ 26. Qxd2
Rxd2+ 27. Kxd2 Qd4+ 28. Ke2 c6 29. Rd2 Qe4+ 30. Kf2 Kc7 31. Re2 Qb4 32. Re7+
Qxe7 0-1

[Event "SR 2. liga A 2015/2016"]
[Site "?"]
[Date "2016.02.13"]
[Round "8.1"]
[White "Gzib, David"]
[Black "Antalek, Rudolf"]
[Result "1-0"]
[WhiteElo "1653"]
[BlackElo "1700"]
[PlyCount "51"]
[EventDate "2015.??.??"]

1. e4 e5 2. Nf3 Nc6 3. d4 exd4 4. Nxd4 Bc5 5. Be3 Qf6 6. c3 Nge7 7. Bc4 Ne5 8.
Bb3 Qg6 9. O-O d5 10. f4 Ng4 11. f5 Nxe3 12. fxg6 Nxd1 13. gxf7+ Kf8 14. Rxd1
Bg4 15. Re1 Rd8 16. exd5 g6 17. Kf1 Nxd5 18. Bxd5 Rxd5 19. Re8+ Kg7 20. Nd2 Rd8
21. Rae1 Kxf7 22. Rxh8 Rxh8 23. Nc4 Kf6 24. Ne5 Bf5 25. Nxf5 Kxf5 26. g4+ 1-0

[Event "SR 2. liga A 2015/2016"]
[Site "?"]
[Date "2016.02.13"]
[Round "8.2"]
[White "Lanc, Alois"]
[Black "Rohacek, Miroslav"]
[Result "0-1"]
[WhiteElo "2327"]
[BlackElo "2306"]
[PlyCount "72"]
[EventDate "2015.??.??"]

1. e4 c5 2. Nf3 d6 3. d4 cxd4 4. Nxd4 Nf6 5. Nc3 a6 6. a4 e5 7. Nf3 Be7 8. Bc4
Be6 9. Qe2 Qc8 10. Bb3 Bxb3 11. cxb3 Nc6 12. Bg5 Qe6 13. Bxf6 Bxf6 14. Nd5 Rc8
15. O-O O-O 16. Rfd1 Bd8 17. b4 f5 18. b5 axb5 19. exf5 Qxf5 20. axb5 e4 21.
Nd4 Qxd5 22. Nxc6 Qf5 23. Nxd8 Rcxd8 24. Ra4 d5 25. Rad4 Rd7 26. h3 Rfd8 27.
Qd2 Rd6 28. Qe3 h6 29. Rc1 Qd7 30. Qb3 Kh7 31. Rc5 b6 32. Rc3 Ra8 33. Rc6 Ra1+
34. Kh2 Rf1 35. Qc2 Qf5 36. Rd2 Qf4+ 0-1

[Event "SR 2. liga A 2015/2016"]
[Site "?"]
[Date "2016.02.13"]
[Round "8.2"]
[White "Karas, Marek"]
[Black "Bango, Lukas"]
[Result "1-0"]
[WhiteElo "2247"]
[BlackElo "2111"]
[PlyCount "43"]
[EventDate "2015.??.??"]

1. Nf3 c5 2. c4 Nf6 3. Nc3 d5 4. cxd5 Nxd5 5. e3 Nc6 6. Bb5 Nc7 7. Bxc6+ bxc6
8. Qa4 Qd6 9. O-O e5 10. d4 cxd4 11. exd4 exd4 12. Re1+ Be7 13. Ne4 Qd5 14. Bg5
Be6 15. Bxe7 Kxe7 16. Nxd4 f6 17. Nxc6+ Kf7 18. Rad1 Qh5 19. Nd6+ Kg6 20. Ne7+
Kh6 21. Rxe6 Nxe6 22. g4 1-0

[Event "SR 2. liga A 2015/2016"]
[Site "?"]
[Date "2016.02.13"]
[Round "8.2"]
[White "Kozinka, Roman"]
[Black "Sahidi, Samir"]
[Result "1-0"]
[WhiteElo "1972"]
[BlackElo "2242"]
[PlyCount "97"]
[EventDate "2015.??.??"]

1. e4 c5 2. Nf3 Nc6 3. d4 cxd4 4. Nxd4 g6 5. Nc3 Bg7 6. Be3 d6 7. Qd2 Bd7 8.
Bc4 Ne5 9. Bb3 Qc8 10. f3 Nc4 11. Bxc4 Qxc4 12. Nd5 Nf6 13. b3 Qc8 14. c4 Nxd5
15. cxd5 O-O 16. Rc1 Qd8 17. O-O Rc8 18. Qb4 Qb6 19. Qxb6 axb6 20. a4 Bxd4 21.
Bxd4 b5 22. axb5 Bxb5 23. Rfd1 Be2 24. Re1 Bd3 25. Kf2 f6 26. Ke3 Bb5 27. Bb6
Kf7 28. h4 Bd7 29. g4 Rfe8 30. Kd4 Rg8 31. g5 Bb5 32. f4 Bd7 33. e5 dxe5+ 34.
fxe5 fxe5+ 35. Kxe5 Bf5 36. Red1 Rge8 37. Rc4 Ra8 38. Rc7 Ra3 39. Rxb7 Kf8 40.
Bc5 Ra2 41. Re1 Rh2 42. Rxe7 Rc2 43. Rxe8+ Kxe8 44. Kd6+ Kf8 45. b4 Rb2 46.
Kc7+ Kg8 47. Re8+ Kf7 48. Re7+ Kg8 49. d6 1-0

[Event "SR 2. liga A 2015/2016"]
[Site "?"]
[Date "2016.02.13"]
[Round "8.2"]
[White "Kralovic, Andrej"]
[Black "Capanda, Jan"]
[Result "1-0"]
[WhiteElo "2215"]
[BlackElo "1876"]
[PlyCount "75"]
[EventDate "2015.??.??"]

1. e4 Nf6 2. e5 Nd5 3. d4 e6 4. Nf3 h6 5. c4 Nb6 6. Nc3 d5 7. exd6 cxd6 8. Be2
d5 9. c5 N6d7 10. b4 Be7 11. Bf4 a6 12. O-O O-O 13. a4 Nf6 14. Qc2 Nh5 15. Be3
Nd7 16. Ne5 Nhf6 17. f4 Nh7 18. Bd3 f5 19. Ng6 Rf6 20. Nxe7+ Qxe7 21. a5 Rf7
22. b5 Ndf6 23. bxa6 bxa6 24. h3 Ne4 25. Nxe4 fxe4 26. Be2 Bd7 27. Rab1 Qd8 28.
Rb6 Qc8 29. Qb3 Bc6 30. Bxa6 Qe8 31. Be2 Rc7 32. a6 Nf6 33. Qc3 Nd7 34. Rb2 Nb8
35. Ra1 Rca7 36. Rb6 Qc8 37. Qb3 Nxa6 38. Raxa6 1-0

[Event "SR 2. liga A 2015/2016"]
[Site "?"]
[Date "2016.02.13"]
[Round "8.2"]
[White "Mackovic, Miroslav"]
[Black "Kimerling, Martin"]
[Result "1-0"]
[WhiteElo "1856"]
[BlackElo "2142"]
[PlyCount "69"]
[EventDate "2015.??.??"]

1. e4 d6 2. d4 Nf6 3. Nc3 g6 4. f3 Bg7 5. Be3 a6 6. Qd2 Nbd7 7. Bh6 Bxh6 8.
Qxh6 c5 9. d5 b5 10. Qd2 Qa5 11. g4 Ne5 12. g5 Nh5 13. f4 Nc4 14. Bxc4 bxc4 15.
Nge2 Rb8 16. Rb1 Bg4 17. O-O O-O 18. Ng3 Nxg3 19. hxg3 f6 20. f5 Qc7 21. Qf4
gxf5 22. exf5 Bh5 23. g6 hxg6 24. Qh6 e5 25. dxe6 Qg7 26. Qe3 gxf5 27. Nd5 Rbe8
28. Nf4 Bg4 29. Rf2 Re7 30. Rh2 Rfe8 31. Kf2 Rb7 32. Rbh1 Reb8 33. b3 cxb3 34.
Rh6 Kf8 35. axb3 1-0

[Event "SR 2. liga A 2015/2016"]
[Site "?"]
[Date "2016.02.13"]
[Round "8.2"]
[White "Macko, Miroslav"]
[Black "Gajarsky, Julius"]
[Result "1-0"]
[WhiteElo "2193"]
[BlackElo "1791"]
[PlyCount "83"]
[EventDate "2015.??.??"]

1. e4 c5 2. Nf3 Nc6 3. d4 cxd4 4. Nxd4 e5 5. Nb5 d6 6. N1c3 a6 7. Na3 b5 8. Nd5
Nf6 9. Bg5 Be7 10. Bxf6 Bxf6 11. c4 bxc4 12. Nxc4 Nd4 13. Ndb6 Rb8 14. Nxc8
Rxc8 15. Qa4+ Ke7 16. Bd3 Qc7 17. O-O Qc6 18. Qa5 Rb8 19. f4 Rb5 20. Qd2 Ne6
21. Ne3 Rc5 22. Nd5+ Rxd5 23. exd5 Qxd5 24. fxe5 Bxe5 25. Rxf7+ Kd8 26. Rd1
Qxa2 27. Rb7 Rf8 28. Qb4 Qd5 29. Rb8+ Ke7 30. Qb7+ Qxb7 31. Rxb7+ Kf6 32. Rf1+
Kg5 33. Rxf8 Nxf8 34. Bxa6 Ne6 35. b4 h5 36. Bc4 Nd8 37. Rd7 Nc6 38. b5 Bd4+
39. Kf1 Ne5 40. Rxd6 Nxc4 41. Rxd4 Ne3+ 42. Kf2 1-0

[Event "SR 2. liga A 2015/2016"]
[Site "?"]
[Date "2016.02.13"]
[Round "8.2"]
[White "Lezovic, Maros"]
[Black "Macko, Peter"]
[Result "0-1"]
[WhiteElo "1841"]
[BlackElo "2146"]
[PlyCount "36"]
[EventDate "2015.??.??"]

1. e4 e5 2. Nf3 Nc6 3. Bc4 Nf6 4. Nc3 Nxe4 5. Nxe4 d5 6. Bxd5 Qxd5 7. d3 Bg4 8.
h3 Bh5 9. Bg5 Nd4 10. g4 Bg6 11. Nxd4 Bxe4 12. f3 exd4 13. fxe4 Qxg5 14. Qd2
Qh4+ 15. Ke2 Bd6 16. Raf1 O-O-O 17. Qa5 Kb8 18. e5 Rhe8 0-1

[Event "SR 2. liga A 2015/2016"]
[Site "?"]
[Date "2016.02.13"]
[Round "8.2"]
[White "Vrtiakova, Anna"]
[Black "Kozinka, Jan"]
[Result "1-0"]
[WhiteElo "1997"]
[BlackElo "1705"]
[PlyCount "45"]
[EventDate "2015.??.??"]

1. e4 c6 2. d4 d5 3. Nc3 dxe4 4. Nxe4 Bf5 5. Ng3 Bg6 6. Nf3 Nf6 7. h4 h6 8. h5
Bh7 9. Bd3 Nbd7 10. Bxh7 Nxh7 11. Qe2 e6 12. Bf4 Nhf6 13. O-O-O Nd5 14. Bd2 Qc7
15. Ne4 Nf4 16. Qf1 O-O-O 17. c4 e5 18. dxe5 Nxe5 19. Bxf4 Nd3+ 20. Rxd3 Qxf4+
21. Ned2 Bb4 22. Rh4 Bxd2+ 23. Rxd2 1-0

[Event "SR 2. liga A 2015/2016"]
[Site "?"]
[Date "2016.02.13"]
[Round "8.3"]
[White "Dolnak, Michal"]
[Black "Jozefek, Michal"]
[Result "1-0"]
[WhiteElo "2206"]
[BlackElo "2203"]
[PlyCount "45"]
[EventDate "2015.??.??"]

1. d4 Nf6 2. c4 g6 3. Nc3 d5 4. cxd5 Nxd5 5. e4 Nxc3 6. bxc3 Bg7 7. Bc4 O-O 8.
Ne2 c5 9. Be3 Nc6 10. O-O cxd4 11. cxd4 Bg4 12. f3 Na5 13. Bd3 Be6 14. d5 Bxa1
15. Qxa1 f6 16. Qd4 Bd7 17. e5 e6 18. Nf4 Qe7 19. Bd2 fxe5 20. Qxe5 Qc5+ 21.
Kh1 Nc6 22. Qc7 Rxf4 23. dxc6 1-0

[Event "SR 2. liga A 2015/2016"]
[Site "?"]
[Date "2016.02.13"]
[Round "8.3"]
[White "Jablonicky, Martin"]
[Black "Bronis, Marian"]
[Result "1-0"]
[WhiteElo "2225"]
[BlackElo "2138"]
[PlyCount "64"]
[EventDate "2015.??.??"]

1. Nf3 d6 2. c4 e5 3. Nc3 f5 4. d4 e4 5. Nd2 Nf6 6. e3 Be7 7. f3 exf3 8. Qxf3
O-O 9. Bd3 Nc6 10. O-O Ng4 11. h3 Nh6 12. a3 a5 13. Rb1 Kh8 14. b4 axb4 15.
axb4 f4 16. b5 fxe3 17. Qxe3 Rxf1+ 18. Nxf1 Nxd4 19. Qxd4 Bf6 20. Qe4 Bf5 21.
Qe2 Bxc3 22. Bxh6 Bxh3 23. Qe4 Qg8 24. Bd2 Bxd2 25. Nxd2 Ra2 26. gxh3 Rxd2 27.
Rf1 c6 28. bxc6 bxc6 29. Qe7 Rxd3 30. Rf8 Rd1+ 31. Kf2 Rd4 32. Rxg8+ Kxg8 1-0

[Event "SR 2. liga A 2015/2016"]
[Site "?"]
[Date "2016.02.13"]
[Round "8.3"]
[White "Sukuba, Zdeno"]
[Black "Spacek, Oliver"]
[Result "1/2-1/2"]
[WhiteElo "2131"]
[BlackElo "2181"]
[PlyCount "54"]
[EventDate "2015.??.??"]

1. c4 g6 2. Nc3 Bg7 3. Nf3 e5 4. g3 Ne7 5. Bg2 O-O 6. O-O c6 7. d4 d6 8. dxe5
dxe5 9. Qxd8 Rxd8 10. Bg5 f6 11. Be3 Be6 12. Rfd1 Nd7 13. b3 Nf5 14. Bc1 Nd4
15. Bb2 Nc5 16. Nxd4 exd4 17. Ne4 Nxe4 18. Bxe4 f5 19. Bf3 Rd7 20. c5 Rad8 21.
Rd3 Bd5 22. Bxd5+ Rxd5 23. Rc1 Bf8 24. b4 a5 25. a3 axb4 26. axb4 R8d7 27. Rcd1
Bg7 1/2-1/2

[Event "SR 2. liga A 2015/2016"]
[Site "?"]
[Date "2016.02.13"]
[Round "8.3"]
[White "Polasek, Filip"]
[Black "Biro, Karol"]
[Result "1/2-1/2"]
[WhiteElo "2097"]
[BlackElo "2084"]
[PlyCount "72"]
[EventDate "2015.??.??"]

1. e4 Nf6 2. Nc3 d5 3. e5 d4 4. exf6 dxc3 5. fxg7 cxd2+ 6. Qxd2 Qxd2+ 7. Bxd2
Bxg7 8. O-O-O Be6 9. Kb1 Nc6 10. Bb5 Bd5 11. Ne2 a6 12. Bxc6+ Bxc6 13. f3 O-O-O
14. Bc3 Bxc3 15. Nxc3 Rhg8 16. Rxd8+ Kxd8 17. Rd1+ Ke8 18. Rd2 e6 19. Kc1 Ke7
20. Kd1 f5 21. Ke1 b5 22. a3 Bb7 23. b4 c5 24. Nd1 cxb4 25. axb4 e5 26. Kf2 Ke6
27. g3 Rc8 28. Nb2 e4 29. fxe4 Bxe4 30. Nd3 Bxd3 31. cxd3 Rc1 32. Ke3 Ke5 33.
Ra2 Rc6 34. Rf2 Rc3 35. Ra2 Rc6 36. Rf2 Rc3 1/2-1/2

[Event "SR 2. liga A 2015/2016"]
[Site "?"]
[Date "2016.02.13"]
[Round "8.3"]
[White "Petreje, Juraj"]
[Black "Ocko, Martin"]
[Result "1/2-1/2"]
[WhiteElo "2039"]
[BlackElo "1966"]
[PlyCount "80"]
[EventDate "2015.??.??"]

1. g3 g6 2. Bg2 Bg7 3. c4 d6 4. Nc3 c5 5. Nf3 Nc6 6. O-O Bg4 7. h3 Bxf3 8. Bxf3
e6 9. Qb3 Rb8 10. Bg2 Nge7 11. a3 O-O 12. Rb1 a6 13. Qa4 Qa5 14. Qxa5 Nxa5 15.
d3 Nb3 16. Bf4 Rfd8 17. Ne4 Be5 18. Bg5 Rd7 19. Rfe1 f5 20. Nd2 Nd4 21. b4 b5
22. bxc5 dxc5 23. Nf3 Bg7 24. Nxd4 Bxd4 25. Rb3 b4 26. e3 Bc3 27. Reb1 Rc8 28.
d4 a5 29. d5 exd5 30. Bxe7 Rxe7 31. Bxd5+ Kg7 32. a4 g5 33. Kf1 Rf8 34. Ke2 h6
35. Kd3 Bf6 36. Re1 Rd8 37. f4 Rde8 38. e4 fxe4+ 39. Rxe4 Rxe4 40. Bxe4 Bd4
1/2-1/2

[Event "SR 2. liga A 2015/2016"]
[Site "?"]
[Date "2016.02.13"]
[Round "8.3"]
[White "Nemeckay, Rastislav"]
[Black "Kohlmann, Robert"]
[Result "1/2-1/2"]
[WhiteElo "2003"]
[BlackElo "2116"]
[PlyCount "73"]
[EventDate "2015.??.??"]

1. e4 c5 2. Nf3 g6 3. d4 cxd4 4. Nxd4 Nc6 5. c3 Bg7 6. Be3 d6 7. g3 Nf6 8. Bg2
Ng4 9. Nc2 O-O 10. O-O Nxe3 11. Nxe3 Qb6 12. Qe2 Be6 13. Nd5 Bxd5 14. exd5 Ne5
15. Na3 a6 16. Kh1 f5 17. f4 Ng4 18. Nc4 Qc5 19. h3 Nf6 20. Qe6+ Kh8 21. Nd2
Nh5 22. Kh2 g5 23. Bf3 Nxg3 24. Kxg3 gxf4+ 25. Kh2 Qb5 26. Rab1 Be5 27. Qxe7
Rae8 28. Qh4 Rg8 29. Nb3 Rg3 30. Nd4 Bxd4 31. cxd4 Re2+ 32. Kh1 Qd3 33. Qxf4
Rxh3+ 34. Kg1 Qe3+ 35. Qxe3 Rg3+ 36. Kh1 Rh3+ 37. Kg1 1/2-1/2

[Event "SR 2. liga A 2015/2016"]
[Site "?"]
[Date "2016.02.13"]
[Round "8.3"]
[White "Mandak, Miroslav"]
[Black "Danada, Ondrej"]
[Result "1-0"]
[WhiteElo "2026"]
[BlackElo "1945"]
[PlyCount "67"]
[EventDate "2015.??.??"]

1. d4 e6 2. c4 Nf6 3. Nc3 Bb4 4. Qc2 c5 5. e3 cxd4 6. exd4 Nc6 7. Nf3 Qb6 8. a3
Bxc3+ 9. Qxc3 d5 10. c5 Qa5 11. b4 Ne4 12. Qb3 Qc7 13. Bd3 O-O 14. O-O b6 15.
Qc2 bxc5 16. dxc5 f5 17. Bb2 a6 18. Rab1 Bd7 19. Qe2 Qa7 20. Rfc1 Rfb8 21. Ne5
Be8 22. Nxc6 Bxc6 23. f3 a5 24. fxe4 fxe4 25. Qg4 Qe7 26. Bf1 axb4 27. Be5 Rf8
28. Bd6 Qf6 29. Bxf8 Rxf8 30. axb4 d4 31. Bc4 Qf2+ 32. Kh1 d3 33. Qxe6+ Rf7 34.
Qc8+ 1-0

[Event "SR 2. liga A 2015/2016"]
[Site "?"]
[Date "2016.02.13"]
[Round "8.3"]
[White "Ulehla, Jakub"]
[Black "Kebis, Milos"]
[Result "0-1"]
[WhiteElo "1687"]
[BlackElo "1969"]
[PlyCount "114"]
[EventDate "2015.??.??"]

1. e4 e5 2. Nf3 Nc6 3. Bb5 Nf6 4. O-O d6 5. Re1 Be7 6. c3 O-O 7. h3 a6 8. Ba4
b5 9. Bb3 Na5 10. Bc2 c5 11. d4 cxd4 12. cxd4 Nc6 13. d5 Nb8 14. Nbd2 Nbd7 15.
a4 Bb7 16. Nf1 Qc7 17. Be3 Rfc8 18. Rc1 Qd8 19. Ng3 Bf8 20. Qd2 Nc5 21. a5 Rc7
22. b4 Ncd7 23. Nf5 Rc4 24. Bg5 Rac8 25. Bd3 Rxc1 26. Rxc1 Rxc1+ 27. Qxc1 h6
28. Bh4 Kh7 29. g4 g6 30. Ne3 Be7 31. Bg3 Ne8 32. h4 Ng7 33. Kg2 Nf6 34. g5 Ng8
35. Ng4 h5 36. Ne3 Qd7 37. Nh2 f6 38. f4 exf4 39. Bxf4 fxg5 40. hxg5 Bc8 41.
Kh1 Qh3 42. Bf1 Qd7 43. Nf3 Qe8 44. Bg2 Qf8 45. Bg3 Bg4 46. Nxg4 hxg4 47. Nd4
Nh5 48. Be1 Qg7 49. Nc6 Qf7 50. Nb8 Nf4 51. Bf1 Bxg5 52. Bd2 Nh3 53. Bxg5 Nxg5
54. Nxa6 Nf3 55. Qc7 Ne7 56. Qxd6 Qg7 57. Be2 Qa1+ 0-1

[Event "SR 2. liga A 2015/2016"]
[Site "?"]
[Date "2016.02.13"]
[Round "8.4"]
[White "Gabris, Ondrej"]
[Black "Liptak, Tomas"]
[Result "0-1"]
[WhiteElo "2206"]
[BlackElo "2222"]
[PlyCount "110"]
[EventDate "2015.??.??"]

1. e4 c5 2. Nc3 d6 3. f4 Nc6 4. Nf3 g6 5. Bb5 Bg7 6. O-O e6 7. Bxc6+ bxc6 8. d3
Ne7 9. Bd2 O-O 10. Qe1 c4 11. d4 Qb6 12. Rb1 c5 13. dxc5 Qxc5+ 14. Be3 Qa5 15.
Qh4 f6 16. Nd4 Bd7 17. Rf3 Rf7 18. g4 f5 19. Nde2 Rd8 20. h3 Bc8 21. Qf2 Nc6
22. Nd4 Nxd4 23. Bxd4 fxg4 24. hxg4 e5 25. fxe5 Rdf8 26. Rxf7 Rxf7 27. Qe2 Bxe5
28. Be3 Be6 29. Rd1 Qd8 30. Rf1 Rxf1+ 31. Kxf1 Qh4 32. Bxa7 Qxg4 33. Qxg4 Bxg4
34. Kf2 Kf7 35. Nb5 Bd7 36. Nd4 h5 37. b3 cxb3 38. cxb3 g5 39. Nf3 Bf6 40. Bd4
Bd8 41. e5 g4 42. Nh2 h4 43. Nf1 g3+ 44. Nxg3 hxg3+ 45. Kxg3 d5 46. a4 Bf5 47.
b4 Bc2 48. a5 Bd3 49. Kf4 Ke6 50. Bc5 Bh4 51. Bd6 Bf2 52. Kf3 Bd4 53. Kf4 Bb5
54. Bc7 Bc3 55. Bd6 d4 0-1

[Event "SR 2. liga A 2015/2016"]
[Site "?"]
[Date "2016.02.13"]
[Round "8.4"]
[White "Drtina, Milan"]
[Black "Madar, Martin"]
[Result "1-0"]
[WhiteElo "2159"]
[BlackElo "2088"]
[PlyCount "103"]
[EventDate "2015.??.??"]

1. e4 d6 2. d4 Nf6 3. Bd3 e5 4. d5 Nbd7 5. c4 Nc5 6. Nc3 a5 7. Be3 Nfd7 8. Nge2
Be7 9. Bc2 Bg5 10. Qd2 Bxe3 11. Qxe3 O-O 12. b3 Qh4 13. h3 Nb6 14. g3 Qe7 15.
g4 a4 16. O-O Na6 17. Ng3 Nb4 18. Qd2 Nxc2 19. Qxc2 Bd7 20. Qd2 Ra7 21. Kg2
Rfa8 22. Rab1 axb3 23. axb3 g6 24. Rb2 Ra1 25. Rxa1 Rxa1 26. Ra2 Rxa2 27. Qxa2
h5 28. gxh5 Qh4 29. hxg6 Qxh3+ 30. Kg1 Bg4 31. gxf7+ Kxf7 32. Qa1 Bf3 33. Qf1
Qh6 34. Qd3 Qc1+ 35. Nf1 Qg5+ 36. Ng3 Qc1+ 37. Nf1 Qg5+ 38. Ng3 Qg4 39. Kf1 Nd7
40. Qe3 Kg6 41. Ke1 Nc5 42. b4 Nb3 43. Nb5 Bd1 44. Qd3 Bf3 45. Qxb3 Bxe4 46.
Nxc7 Bf5 47. Nxf5 Kxf5 48. Qd3+ e4 49. Qg3 Qh5 50. Ne6 Qh1+ 51. Kd2 Qh6+ 52.
Kc2 1-0

[Event "SR 2. liga A 2015/2016"]
[Site "?"]
[Date "2016.02.13"]
[Round "8.4"]
[White "Janos, Ivan"]
[Black "Kovacocy, Pavel"]
[Result "0-1"]
[WhiteElo "2060"]
[BlackElo "2186"]
[PlyCount "71"]
[EventDate "2015.??.??"]

1. e4 g6 2. d4 Bg7 3. Nc3 c5 4. dxc5 Bxc3+ 5. bxc3 Qa5 6. Bd2 Qxc5 7. Nf3 d6 8.
Rb1 Qc7 9. Nd4 a6 10. Be2 Nf6 11. Bf3 Nbd7 12. O-O Ne5 13. h3 b6 14. Bh6 Nfd7
15. Be2 Bb7 16. f4 Nc4 17. Qd3 b5 18. Bf3 Rc8 19. Qe2 e5 20. fxe5 Ncxe5 21. Qf2
Qxc3 22. Rb3 Nxf3+ 23. Nxf3 Qxc2 24. Nd2 f6 25. Rf3 Kd8 26. Bg7 Rg8 27. Bxf6+
Nxf6 28. Rxf6 Qc5 29. Rf7 Rc7 30. Qxc5 dxc5 31. Nb3 c4 32. Nc5 Rxc5 33. Rxb7 c3
34. Rc1 Re8 35. Rb8+ Ke7 36. Kf2 0-1

[Event "SR 2. liga A 2015/2016"]
[Site "?"]
[Date "2016.02.13"]
[Round "8.4"]
[White "Puskar, Peter"]
[Black "Michal, Silvio"]
[Result "1-0"]
[WhiteElo "2221"]
[BlackElo "2112"]
[PlyCount "65"]
[EventDate "2015.??.??"]

1. d4 Nf6 2. Nf3 e6 3. c4 Bb4+ 4. Bd2 Bxd2+ 5. Nbxd2 d5 6. e3 O-O 7. Bd3 dxc4
8. Nxc4 Nbd7 9. O-O c5 10. Rc1 b5 11. Nd6 c4 12. Bb1 Qb6 13. Nxc8 Raxc8 14. h4
Rfd8 15. Qc2 g6 16. Rfd1 Qb7 17. e4 Nb6 18. Qe2 Qe7 19. g3 a6 20. Kg2 Na4 21.
a3 a5 22. e5 Nd5 23. h5 Nab6 24. Rh1 Qf8 25. hxg6 hxg6 26. Rh4 Ne7 27. Rch1 Qg7
28. Ng5 Nf5 29. Rh7 Rxd4 30. Bxf5 exf5 31. Rxg7+ Kxg7 32. Qe3 Rcd8 33. e6 1-0

[Event "SR 2. liga A 2015/2016"]
[Site "?"]
[Date "2016.02.13"]
[Round "8.4"]
[White "Ondercin, Martin"]
[Black "Nicolini, Alexander"]
[Result "0-1"]
[WhiteElo "1950"]
[BlackElo "2154"]
[PlyCount "68"]
[EventDate "2015.??.??"]

1. e4 c6 2. d4 d5 3. Nc3 g6 4. Nf3 Bg7 5. Be3 Nf6 6. e5 Nfd7 7. Qd2 Nf8 8. Bd3
h6 9. O-O Bf5 10. Bxf5 gxf5 11. Ne2 e6 12. Nf4 h5 13. h4 Nbd7 14. Ng5 Qe7 15.
b3 O-O-O 16. Qa5 a6 17. Rac1 f6 18. exf6 Nxf6 19. c4 Bh6 20. Nd3 Ng6 21. g3 Ne4
22. Nf4 Nxf4 23. gxf4 Rhf8 24. f3 Bxg5 25. fxg5 f4 26. fxe4 fxe3 27. cxd5 exd5
28. e5 Qe6 29. Rf6 Rxf6 30. exf6 Qg4+ 31. Kf1 Qf3+ 32. Kg1 Qf2+ 33. Kh1 Qxh4+
34. Kg2 Qxg5+ 0-1

[Event "SR 2. liga A 2015/2016"]
[Site "?"]
[Date "2016.02.13"]
[Round "8.4"]
[White "Puchart, Vladimir"]
[Black "Srna, Jan"]
[Result "1-0"]
[WhiteElo "2034"]
[BlackElo "1937"]
[PlyCount "201"]
[EventDate "2015.??.??"]

1. d4 e6 2. c4 f5 3. g3 d5 4. Bg2 c6 5. Nf3 Nf6 6. O-O Bd6 7. b3 O-O 8. Nbd2 b6
9. Bb2 a5 10. Rc1 Bb7 11. Ne5 Qe7 12. Ndf3 Ne4 13. Ne1 Nf6 14. N1d3 Na6 15. a3
Rac8 16. Qe1 c5 17. dxc5 Nxc5 18. cxd5 Bxd5 19. b4 Nxd3 20. Nxd3 Rxc1 21. Qxc1
axb4 22. Nxb4 Bxg2 23. Kxg2 Ne4 24. Qc6 Nc5 25. Rd1 Bc7 26. Bd4 Rd8 27. Bxc5
bxc5 28. Rxd8+ Bxd8 29. Nd3 c4 30. Qxc4 Bc7 31. Nc5 Kf7 32. Nxe6 Qxe6 33. Qxc7+
Kf6 34. Qc3+ Kg6 35. Qf3 Qc4 36. h3 Kf6 37. g4 f4 38. e3 g5 39. h4 h6 40. hxg5+
hxg5 41. exf4 gxf4 42. Qb7 Kg5 43. Qg7+ Kh4 44. Qg6 f3+ 45. Kxf3 Qb3+ 46. Kf4
Qb8+ 47. Kf5 Qb5+ 48. Kf6 Qb2+ 49. Kf7 Qb7+ 50. Kg8 Qb8+ 51. Kh7 Qc7+ 52. Kh6
Qf4+ 53. g5 Qxf2 54. Qe4+ Kg3 55. g6 Qh2+ 56. Kg5 Qd2+ 57. Kf6 Qd6+ 58. Kf7
Qxa3 59. g7 Qb3+ 60. Kg6 Qa2 61. Kf6 Qf2+ 62. Qf5 Qb6+ 63. Kf7 Qc7+ 64. Kg6
Qc6+ 65. Qf6 Qe4+ 66. Kh6 Qh1+ 67. Kg6 Qe4+ 68. Kf7 Qb7+ 69. Qe7 Qd5+ 70. Kf8
Qf5+ 71. Kg8 Qc8+ 72. Kh7 Qc2+ 73. Kh6 Qh2+ 74. Kg6 Qc2+ 75. Kf6 Qf2+ 76. Kg6
Qc2+ 77. Kf7 Qa2+ 78. Kf8 Qa8+ 79. Qe8 Qa3+ 80. Kg8 Qa2+ 81. Kh7 Qh2+ 82. Kg6
Qc2+ 83. Kh6 Qc1+ 84. Kh7 Qh1+ 85. Kg8 Qd5+ 86. Kf8 Qf3+ 87. Qf7 Qa3+ 88. Kg8
Qa8+ 89. Kh7 Qh1+ 90. Kg6 Qe4+ 91. Qf5 Qc6+ 92. Kh5 Qh1+ 93. Kg5 Qc1+ 94. Kf6
Qc6+ 95. Qe6 Qf3+ 96. Kg6 Qd3+ 97. Qf5 Qd6+ 98. Kh7 Qe7 99. Kh6 Qh4+ 100. Qh5
Qc4 101. Qg5+ 1-0

[Event "SR 2. liga A 2015/2016"]
[Site "?"]
[Date "2016.02.13"]
[Round "8.4"]
[White "Hulla, Stanislav"]
[Black "Doucha, Ludvig"]
[Result "1/2-1/2"]
[WhiteElo "1938"]
[BlackElo "1963"]
[PlyCount "99"]
[EventDate "2015.??.??"]

1. d4 Nf6 2. Bf4 g6 3. e3 Bg7 4. Nf3 O-O 5. Be2 d6 6. c3 Nbd7 7. h3 b6 8. Nbd2
Bb7 9. O-O c5 10. a4 Qc7 11. Bh2 e5 12. dxe5 dxe5 13. Nc4 Ne4 14. Qc2 Nd6 15.
Ncxe5 Nxe5 16. Nxe5 Qe7 17. Nf3 Ne4 18. Rad1 Rfe8 19. Bb5 Red8 20. Rxd8+ Rxd8
21. Rd1 Bf6 22. Rxd8+ Qxd8 23. Qd3 Kg7 24. Qxd8 Bxd8 25. Be5+ f6 26. Bb8 a6 27.
Bd3 g5 28. Kf1 h5 29. Ke1 h4 30. Ke2 Kh6 31. Ne1 Kg7 32. Bc4 Bc6 33. Bxa6 Bxa4
34. f3 Ng3+ 35. Bxg3 hxg3 36. Bb7 Bb5+ 37. Kd2 Bc7 38. b3 Bf1 39. Be4 Bb5 40.
c4 Bd7 41. Ke2 Kh6 42. Nd3 Kh5 43. f4 gxf4 44. Nxf4+ Bxf4 45. exf4 Kh4 46. f5
Be8 47. Ke3 Bd7 48. Kf4 Be8 49. Bf3 Bd7 50. Bd5 1/2-1/2

[Event "SR 2. liga A 2015/2016"]
[Site "?"]
[Date "2016.02.13"]
[Round "8.4"]
[White "Mosny, Jaroslav"]
[Black "Zacik, Anton"]
[Result "1/2-1/2"]
[WhiteElo "1964"]
[BlackElo "1893"]
[PlyCount "83"]
[EventDate "2015.??.??"]

1. d4 Nf6 2. Nf3 g6 3. g3 Bg7 4. Bg2 d5 5. O-O O-O 6. c4 dxc4 7. Nc3 c6 8. a4
Na6 9. Bg5 Nc7 10. Ne5 Ne6 11. Be3 Nd5 12. Nxc4 Nxe3 13. fxe3 Nc7 14. Kh1 Be6
15. Qd3 Nd5 16. Nxd5 cxd5 17. Nd2 Rc8 18. Rfc1 Qd6 19. Qb3 b6 20. Kg1 h5 21.
Nf3 Bf6 22. Kf2 Kg7 23. Ne1 h4 24. Nd3 hxg3+ 25. hxg3 Bg5 26. Nf4 Rcd8 27. Rc3
Bf5 28. Rh1 e6 29. Rcc1 Rc8 30. Bf3 Rxc1 31. Rxc1 Rh8 32. Qc3 Bxf4 33. exf4 Be4
34. Bxe4 dxe4 35. d5+ Kg8 36. dxe6 Rh2+ 37. Ke3 Qxe6 38. Qc8+ Qxc8 39. Rxc8+
Kg7 40. g4 Rh3+ 41. Kxe4 Rb3 42. Rc4 1/2-1/2

[Event "SR 2. liga A 2015/2016"]
[Site "?"]
[Date "2016.02.13"]
[Round "8.5"]
[White "Turna, Stefan"]
[Black "Cech, Dominik"]
[Result "0-1"]
[WhiteElo "2183"]
[BlackElo "2116"]
[PlyCount "72"]
[EventDate "2015.??.??"]

1. d4 Nf6 2. c4 g6 3. Nc3 Bg7 4. e4 d6 5. Bg5 Na6 6. Nf3 O-O 7. Be2 Qe8 8. O-O
e5 9. d5 h6 10. Be3 Ng4 11. Bd2 f5 12. Ne1 Nf6 13. Qc1 f4 14. Nd3 g5 15. c5 g4
16. cxd6 cxd6 17. Nxf4 exf4 18. Bxf4 Nxe4 19. Nxe4 Qxe4 20. Bxh6 Qg6 21. Bxg7
Kxg7 22. Qc3+ Kg8 23. Bxa6 bxa6 24. Rae1 Bf5 25. Re7 Rac8 26. Qe3 Rc2 27. f4
Rxb2 28. Re1 Rxa2 29. Rxa7 Ra4 30. Re7 Rb4 31. Qd2 Rc4 32. Qa2 Rxf4 33. R7e6
Bxe6 34. dxe6 Re8 35. e7+ Qf7 36. Qd2 Rxe7 0-1